MDQL
is popping MORE tags! Check the
thread
!
Quizzes
Events
Quiz Creation
Community
Videos
Private Events
Remove Ads
Sign In
Join for FREE
Feedback
Dark Mode
Quiz Categories
Sports
Geography
Music
Movies
Television
Just For Fun
Miscellaneous
History
Literature
Language
Science
Gaming
Entertainment
Religion
Holiday
For Kids
Quiz Lab
Recent
Popular Today
Quiz Kudos Today
Editor Picks
Curator Picks
Quizzes by...
Day
Popularity
Type
Ratings
Length
Year
Community
Subscriptions
Recent Discussions
Orange Saloon
Badges
Playlists
Quests
Create
Leaderboards
Showdown
Live 5
Trivia Bingo
Activity
Puzzle Library
Sporcle Events
Private Events
Virtual Trivia
Globe League
Become a Host
Pub Owners
SporcleCon
Opinionation
Our Games
Videos
Blog
Mobile Apps
Partnerships
Remove Ads and Go Orange
Feedback
Gaming
Video Games
Board Games
Card Games
Pokémon
Mario
Nintendo
Minecraft
Console
Toys
Legend of Zelda
Gaming
Video Games
Board Games
Card Games
Pokémon
Mario
Nintendo
Minecraft
Console
Toys
Legend of Zelda
Random Quiz
Search Sporcle
×
Quiz Lab
Quiz Lab
Gaming
Pokémon
Type in answers that appear in a list
Type in answers that appear in a list
Classic
Best Score? Go Orange.
Favorite Pokemon by Type and Gen Stats
Can you guess my favorite Pokemon by the clues given?
By
slendon19
20m
140 Questions
139 Plays
139 Plays
139 Plays
Comments
Comments
Give Quiz Kudos
Give Quiz Kudos
-
- Ratings
hide this ad
More Info
Forced Order
Answers have to be entered in order
Answers have to be entered in order
Replay
Link that replays current quiz
Next Quiz
Link to next quiz in quiz playlist
You Got
0%
They Got
Avg Score
42%
Avg Friend Score
Upgrade to see
Score Distribution
Jump to the score distribution portion of the page
Score
0/140
Timer
20:00
0
Plays Today
Hint
Answer
% Correct
Bug
Beedrill
82%
Dark
Umbreon
75.5%
Electric
Jolteon
66.2%
Fairy
Jigglypuff
64%
Fighting
Hitmonchan
64%
Fairy
Togepi
63.3%
Dragon
Dragonite
62.6%
Dragon
Garchomp
61.9%
Bug
Scizor
61.2%
Fire
Blaziken
61.2%
Electric
Plusle
59%
Fire
Magcargo
59%
Ghost
Gengar
59%
Dark
Shiftry
58.3%
Bug
Golisopod
56.8%
Dark
Greninja
56.8%
Fire
Infernape
56.8%
Dragon
Kingdra
56.1%
Electric
Ampharos
56.1%
Fairy
Mimikyu
56.1%
Fairy
Gardevoir
55.4%
Bug
Dustox
54.7%
Dragon
Flygon
54.7%
Electric
Dedenne
54%
Fighting
Lucario
54%
Electric
Emolga
53.2%
Ghost
Misdreavus
52.5%
Grass
Bulbasaur
52.5%
Fighting
Bewear
51.8%
Fire
Magmar
51.8%
Ghost
Mimikyu
51.8%
Bug
Volcarona
51.1%
Dragon
Hydreigon
51.1%
Ghost
Rotom
51.1%
Electric
Togedemaru
50.4%
Flying
Tropius
50.4%
Flying
Toucannon
50.4%
Ghost
Banette
49.6%
Fairy
Togekiss
48.9%
Ghost
Chandelure
48.2%
Dragon
Turtonator
47.5%
Fighting
Sawk
47.5%
Flying
Skarmory
47.5%
Ice
Glaceon
47.5%
Ground
Diglett
46.8%
Ground
Diggersby
46.8%
Ice
Delibird
46.8%
Hint
Answer
% Correct
Flying
Braviary
46%
Grass
Torterra
46%
Ground
Flygon
45.3%
Ground
Torterra
44.6%
Ice
Lapras
44.6%
Poison
Bulbasaur
44.6%
Flying
Charizard
43.9%
Ground
Excadrill
43.9%
Normal
Farfetch'd
43.9%
Fighting
Heracross
43.2%
Normal
Exploud
43.2%
Electric
Magnezone
42.4%
Fighting
Hawlucha
42.4%
Grass
Trevenant
42.4%
Poison
Ariados
42.4%
Psychic
Alakazam
42.4%
Dragon
Noivern
41.7%
Fairy
Sylveon
41.7%
Bug
Vespiquen
41%
Grass
Decidueye
41%
Poison
Roserade
41%
Psychic
Delphox
41%
Rock
Omastar
41%
Legendary
Ho-oh
41%
Grass
Bellossom
40.3%
Ice
Cryogonal
40.3%
Ice
Avalugg
40.3%
Poison
Scolipede
40.3%
Dark
Incineroar
39.6%
Legendary
Zapdos
39.6%
Dark
Honchkrow
38.8%
Grass
Shiftry
38.8%
Ice
Crabominable
38.8%
Psychic
Gardevoir
38.8%
Fairy
Whimsicott
38.1%
Ice
Glalie
38.1%
Steel
Empoleon
38.1%
Normal
Furfrou
37.4%
Poison
Dustox
37.4%
Steel
Magneton
37.4%
Bug
Vivillon
36.7%
Water
Empoleon
36.7%
All-
Time
Greninja
36.7%
Fighting
Blaziken
36%
Normal
Noctowl
36%
Steel
Aegislash
36%
Water
Gyarados
36%
Hint
Answer
% Correct
Water
Octillery
36%
Water
Greninja
36%
Legendary
Giratina
36%
Fire
Incineroar
35.3%
Flying
Rotom(Fan)
35.3%
Poison
Dragalge
35.3%
Psychic
Gallade
35.3%
Rock
Tyrantrum
35.3%
Steel
Metagross
35.3%
Fire
Chandelure
34.5%
Poison
Toxapex
34.5%
Psychic
Wobbuffet
34.5%
Steel
Skarmory
34.5%
Water
Sharpedo
34.5%
Legendary
Hoopa
34.5%
All-
Time
Skarmory
34.5%
Steel
Klinklang
33.8%
Fire
Talonflame
33.1%
Dark
Bisharp
32.4%
Ghost
Aegislash
32.4%
Legendary
Meloetta
32.4%
All-
Time
Blaziken
32.4%
Grass
Lilligant
31.7%
All-
Time
Jolteon
31.7%
Ground
Palossand
30.9%
Number 1
Blaziken
30.9%
Normal
Oranguru
30.2%
Rock
Carracosta
30.2%
Rock
Minior
30.2%
Water
Carracosta
30.2%
Water
Primarina
30.2%
All-
Time
Mimikyu
30.2%
Psychic
Oranguru
29.5%
Ground
Steelix
28.8%
Normal
Braviary
28.8%
Psychic
Reuniclus
28.1%
Rock
Tyranitar
28.1%
Steel
Togedemaru
27.3%
Rock
Rhyperior
26.6%
Flying
Hawlucha
25.2%
Legendary
Rayquaza
25.2%
All-
Time
Empoleon
24.5%
Rock
Aggron
23%
All-
Time
Braviary
23%
Legendary
Xurkitree
22.3%
Normal
Munchlax
20.9%
Quiz Playlist
Details
Report
Send in Message
Add To Playlist
More Info:
Legendary Pokemon includes Ultra Beasts. The number beside the hint is the generation it is from. Some Pokemon appear more than once.
Classic:
Type in answers that appear in a list
Forced Order:
Answers have to be entered in order
Last Updated: Apr 18, 2017
Quiz Scoreboard
CHALLENGE
Sign Up to Join the Scoreboard
Show All
Scores
Hide
Comments
May contain spoilers
Recently Published
Find the 'City' Movie
by crazypaving
Movies
60s
5x2 Blitz: Bands
by SL_Kpop136
Music
30s
Colored Red Africa Blitz
by spor1
Geography
30s
More to Explore
Quiz From the Vault
Featured Blog Post
14 Easter Pick-up Lines to Find Eggs With
hide this ad
You Might Also Like...
Tags
Pokémon Quiz
Favorite
gen
Today's Top Quizzes in Gaming
Browse Gaming
hide this ad
Today's Top Quizzes in Pokémon
Browse Pokémon
Top Contributed Quizzes in Gaming
1
Genshin murder mystery
2
Dead By Daylight Logic Puzzle
3
Destiny 2 exotic weapons by perk icons
4
League of Legends Pro Players by Career/Team History
5
Genshin Impact Logic Puzzle
6
Overwatch 2: Ultimate Ability Icons
7
Genshin Impact Logic Puzzle Quiz II
8
Overwatch Logic Puzzle
9
Who's on the WWE 2K24 Cover?
10
5-to-1: Legend of Zelda
Explore More
Trending Topics
NBA
Marvel
Crossword
Kpop
Anime
Disney
Harry Potter
Song
Soccer
Pokémon
Puzzle
WWE
Country
NFL
The Office
hide this ad
More By:
slendon19
Quiz
Plays
Rating
Category
Featured
Created
Minecraft Grab Bag
3,190
3.69
Gaming
May 17, 2016
Find the Dragon Pokemon
2,203
4.75
Gaming
Dec 20, 2016
Ultimate Pokemon Grab Bag (All Gens)
1,611
4.00
Gaming
Aug 30, 2016
Name the Baldi's Basics Characters
1,281
5.00
Gaming
Jun 28, 2018
Pokemon True or False
1,188
2.25
Gaming
Oct 13, 2016
Go to Creator's Profile
Score Distribution
Quiz Creator Spotlight
slendon19
Follow
Send a Message
Quizzes Created
-
Created Quiz Play Count
-
More By This Creator
Popular Quizzes Today
1
Colored Red Africa Blitz
2
Find the 'City' Movie
3
Find the US States - No Outlines Minefield
4
5x2 Blitz: Bands
5
The Countries of the World
6
Find the US States
7
Find the Countries of Europe - No Outlines Minefield
8
US States
More Gaming Quizzes
Gen. 1 Pokémon by Sock
Editor's Pick
Trending Quizzes
Colored Red Europe Blitz I
Colored Red Europe Blitz II
Colored Red Africa Blitz II
Colored Red Europe Blitz III
Colored Red Africa Blitz III
Recently Updated
How Do You Spell That?
pecheneg
Godzilla Movies
pecheneg
Grab Bag: 4-10 Letters
pecheneg
2024 March Madness Bracket
pecheneg
Famous TV Couples
Peacemaker
Champions League XIs: Real Madrid
pecheneg
Largest US Cities 1790-2010
pecheneg
Rides in Walt Disney World
pecheneg
Most Oscar Losses (Acting)
pecheneg
Beyoncé Albums
pecheneg
Trending Topics
NBA
Anime
Disney
Crossword
Marvel
Harry Potter
Kpop
Country
NFL
Song
The Office
Puzzle
Soccer
Pokémon
WWE
Your Account Isn't Verified!
In order to create a playlist on Sporcle, you need to verify the email address you used during registration. Go to your
Sporcle Settings
to finish the process.
Report this User
Report this user for behavior that violates our
Community Guidelines
.
Details:
Send Report
Go to the Sporcle.com Mobile Site →
Comments